| 000 | 00519 a2200181 4500 | ||
|---|---|---|---|
| 020 | _a9780471718130 | ||
| 082 | _a519.5 | ||
| 090 |
_c7113 _d7113 |
||
| 100 | _aBox, George E. P | ||
| 110 | _aHunter, William Gordon | ||
| 245 |
_aStatistics for experimenters : design, innovation, and discovery _cGeorge E. P. Box |
||
| 250 | _a2nd ed. | ||
| 260 |
_aNew Jersey _bJohn Wiley _c2005 |
||
| 300 | _a639 p. | ||
| 650 | _aMathematical statistics--Experimental design | ||
| 700 | _aGeorge E. P Box | ||
| 942 |
_cBK _k519.5 BOX |
||
| 999 |
_c10917 _d10917 |
||